Skisprung Weltcup 2023/24 Top 50 - Statistiken

Allgemein
  • Dieses Quiz wurde 211 mal gespielt
  • Das Durchschnittsergebnis liegt bei 25 aus 50
Antwortstatistiken
Rank Nation Antwort % Korrekt
1 AUT Stefan Kraft
98%
34 JPN Junshiro Kobayashi
91%
2 JPN Ryoyu Kobayashi
91%
3 GER Andreas Wellinger
90%
13 SLO Domen Prevc
89%
5 SLO Peter Prevc
89%
17 GER Karl Geiger
84%
4 AUT Jan Hörl
82%
26 POL Kamil Stoch
77%
11 AUT Daniel Tschofenig
75%
10 GER Pius Paschke
75%
18 SUI Gregor Deschwanden
72%
24 NOR Halvor Egner Granerud
70%
7 NOR Johann André Forfang
70%
14 SLO Anže Lanišek
68%
6 AUT Michael Hayböck
68%
28 POL Dawid Kubacki
66%
12 AUT Manuel Fettner
64%
16 SLO Timi Zajc
56%
25 POL Piotr Żyła
55%
40 FIN Antti Aalto
53%
23 GER Stephan Leyhe
53%
20 DEU Philipp Raimund
52%
37 BUL Vladimir Zografski
52%
27 ITA Alex Insam
44%
41 SUI Killian Peier
44%
43 EST Artti Aigro
42%
49 GER Constantin Schmid
42%
33 CZE Roman Koudelka
42%
42 USA Tate Frantz
40%
38 NOR Daniel-André Tande
38%
15 AUT Daniel Huber
37%
8 NOR Marius Lindvik
35%
31 ITA Giovanni Bresadola
34%
21 NOR Kristoffer Eriksen Sundal
34%
9 SLO Lovro Kos
34%
29 NOR Robert Johansson
33%
22 JPN Ren Nikaido
32%
46 GER Felix Hoffmann
31%
47 POL Paweł Wąsek
30%
39 AUT Stephan Embacher
25%
32 AUT Clemens Aigner
24%
30 FIN Niko Kytösaho
21%
45 UKR Yevhen Marusiak
21%
35 USA Erik Belshaw
17%
36 NOR Benjamin Østvold
15%
19 POL Aleksander Zniszczoł
14%
50 SUI Remo Imhof
12%
44 GER Martin Hamann
11%
47 NOR Sindre Ulven Jørgensen
2%
Keine übereinstimmenden Quizze gefunden
Verteilung der Resultate
Anzahl Personen mit jedem Resultat
Perzentil nach korrekt beantworteten Fragen
Ihre Resultats-Entwicklung
Sie haben dieses Quiz noch nicht gespielt